Welcome to WEB OPAC of MRSPTU Central Library

Main Punjab Bolda Haan (ਮੈਂ ਪੰਜਾਬ ਬੋਲਦਾ ਹਾਂ) (Record no. 9953)

MARC details
000 -LEADER
fixed length control field 00408nam a22001457a 4500
003 - CONTROL NUMBER IDENTIFIER
control field OSt
005 - DATE AND TIME OF LATEST TRANSACTION
control field 20240403104920.0
008 - FIXED-LENGTH DATA ELEMENTS--GENERAL INFORMATION
fixed length control field 240403b |||||||| |||| 00| 0 eng d
040 ## - CATALOGING SOURCE
Transcribing agency Central Library MRSPTU
100 ## - MAIN ENTRY--PERSONAL NAME
Personal name Nirmal Jaura
245 ## - TITLE STATEMENT
Title Main Punjab Bolda Haan (ਮੈਂ ਪੰਜਾਬ ਬੋਲਦਾ ਹਾਂ)
260 ## - PUBLICATION, DISTRIBUTION, ETC.
Place of publication, distribution, etc. Ludhiana
Name of publisher, distributor, etc. Chetna Parkashan
Date of publication, distribution, etc. 2011
300 ## - PHYSICAL DESCRIPTION
Extent 100
942 ## - ADDED ENTRY ELEMENTS (KOHA)
Source of classification or shelving scheme Dewey Decimal Classification
Koha item type Book
Suppress in OPAC No
Holdings
Withdrawn status Lost status Source of classification or shelving scheme Damaged status Not for loan Collection Home library Current library Date acquired Total checkouts Barcode Date due Date last seen Date last checked out Price effective from Koha item type
    Dewey Decimal Classification     BK MRSPTU Central Library MRSPTU Central Library 04/03/2024 2 G-117 11/13/2024 10/21/2024 10/21/2024 04/03/2024 Book

Website Designed and Developed by MRSPTU Central Library Team

E-mail Id: librarian@mrsptu.ac.in